Trasferimenti più costosi - Belgio - Statistics

Statistiche generali
  • Questo quiz è stato fatto 94 volte
    50 dall'ultimo reset
  • Il punteggio medio è 9 su 15
Statistiche sulle risposte
Costo (M €) Da A Anno Calciatore % Corretto
113 Inter Chelsea 2021 Romelu Lukaku
100%
84,70 Everton Manchester United 2017 Romelu Lukaku
100%
74 Manchester United Inter 2019 Romelu Lukaku
100%
120,80 Chelsea Real Madrid 2019 Eden Hazard
96%
76 Wolfsburg Manchester City 2015 Kevin De Bruyne
94%
60 Stade Rennes Manchester City 2023 Jérémy Doku
71%
38 Roma Inter 2018 Radja Nainggolan
69%
45 Monaco Leicester City 2019 Youti Tielemans
59%
40 Benfica Zenit 2012 Axel Witsel
43%
40 Lens RB Lipsia 2023 Loïs Openda
39%
62,10 Southampton Chelsea 2023 Roméo Lavia
39%
53,35 Everton Aston Villa 2024 Amadou Onana
35%
39,87 Lille Everton 2023 Amadou Onana
35%
39 Olympique Marsiglia Chelsea 2016 Michy Batshuayi
27%
46,50 Aston Villa Liverpool 2015 Christian Benteke
22%
Nessun quiz corrispondente trovato
Distribuzione punteggi
Percentuale di utenti per punteggio
Percentile per numero di risposta
I tuoi punteggi nel tempo
Non hai fatto questo quiz dall'ultimo reset